Al-Masih-Rais-Ul-Kohanat-Il-Azim (Record no. 6023)

MARC details
000 -LEADER
fixed length control field 00609nam a2200241 a 4500
020 ## - INTERNATIONAL STANDARD BOOK NUMBER
ISBN
082 00 - DEWEY DECIMAL CLASSIFICATION NUMBER
Classification number 227.87
Author Cutter ABD
100 ## - MAIN ENTRY--AUTHOR NAME
Author name Abdul, Masih
245 ## - TITLE STATEMENT
Title Al-Masih-Rais-Ul-Kohanat-Il-Azim
Sub title Commentary on Hebrews.
260 ## - PUBLICATION, DISTRIBUTION, ETC. (IMPRINT)
Place of publication Beirut
Name of publisher Markaz Shabibah
Year of publication 1973
300 ## - PHYSICAL DESCRIPTION
Number of Pages 185p
500 ## - GENERAL NOTE
General note includes index and biblioraphy
505 2# - FORMATTED CONTENTS NOTE
Formatted contents note Appendix
650 ## - SUBJECT ADDED ENTRY--TOPICAL TERM
Topical Term Bible N.T. Epistles Hebrew
942 ## - ADDED ENTRY ELEMENTS (KOHA)
Koha item type Books
700 1# -
-- Abdul, Masih
Holdings
Collection code Home library Current library Date acquired Cost, normal purchase price Full call number Accession Number Koha item type
  Henry Martyn Institute Library Henry Martyn Institute Library 05/26/2008 100.00 227.87 ABD 07310 Books
                   Copyright © 2026 | Henry Martyn Institute | Hyderabad | TS-500052 | INDIA | Implemented by hmi.edu.in
Hit-Count:

Powered by Koha